000 00887cam a22002897a 4500
003 CHAP
005 20220329134441.0
008 971013s1966 r 00010 d
010 _a20648
011 _a21620
035 _a25710
040 _cCHAP
090 _aFolleto 703
110 _aCEPAL
_921292
245 1 3 _aEl uso de fertilizantes en América Latina
260 _aNew York :
_bNaciones Unidas,
_c1966
300 _a81 p.
590 _aBATCH-UPD
_b10
_c20130110
_lUCH01
_h2229
590 _aBATCH-UPD
_b10
_c20130410
_lUCH01
_h1525
590 _aBATCH-UPD
_b10
_c20130914
_lUCH01
_h1427
590 _aCONVERSION
_b10
_c20130109
_lUCH01
_h1312
650 1 4 _aFertilizantes
_xAspectos económicos
_xAmérica Latina.
_940454
901 _aBK
942 _cFOLL
949 _aFolleto 703
_bBC
_cFOLL
_d-59344
_eTS1
_i25710
_si
949 _aFolleto 703
_bBC
_cFOLL
_d-59345
_eTS2
_fc.2
_i25710
_si
999 _c20648
_d20648